000 00548nam a2200229Ia 4500
003 OSt
005 20220916111008.0
006 a|||||r|||| 00| 0
007 ta
008 him
024 _a90,684
037 _cTextbook
040 _bhim
_aARTS
_cARTS
041 _ahim
082 _aO152,3N08,1, 32J6
100 _aEzhuthachan M.K. Tr.
245 0 _aThemmadi
260 _c1956
650 _aHINDI FICTION; HINDI LITERATURE
942 _hO152,3N08,1, 32J6
_cTB
_2CC
999 _c102918
_d102918